000 00781cam a2200253 a 4500
001 MEB027039
005 20150122165654.0
008 110527s2012 nyua b 001 0 eng
010 _a2011930763
020 _a9781111308476
040 _aDLC
_cDLC
042 _apcc
050 0 0 _aRT 89
_b.K295 2012
100 1 _aKelly, Patricia,
_d1941-
245 1 0 _aNursing leadership & management /
_cPatricia Kelly.
246 3 _aNursing leadership and management.
250 _a3rd ed.
260 _aClifton Park, NY :
_bCengage Learning,
_c2012.
300 _axxviii, 783 pages :
_billustration (some colored) ;
_c28 cm.
504 _aIncludes bibliographical references and index.
650 0 _aNursing services
_xAdministration.
650 0 _aLeadership.
942 _2lcc
_cBK
999 _c277379
_d277379